000 00481nam a2200205Ia 4500
001 11773
003 GE_BSU
008 181216s||||||||xx |||||||||||||| ||und||
020 _a9780747237501
040 _cGE_BSU
080 _a821.111-311.6
100 _aKennedy,Adam
245 _aDancing in the Shadows:The kincaid Trilogy volume Two
260 _aLondon
260 _bHeadline
260 _c1992
300 _a506p.18cm.
653 _aDancing in the Shadows
942 _cBK
999 _c44952
_d44952